ভারতীয় রাস্ট্রচিন্তার বিকাশ ও রাজনৈতিক আন্দোলন / (Record no. 74283)
[ view plain ]
| 000 -LEADER | |
|---|---|
| fixed length control field | 01042nam a22002411a 4500 |
| 001 - CONTROL NUMBER | |
| control field | 74283 |
| 003 - CONTROL NUMBER IDENTIFIER | |
| rucl marc code | BD-RjUL |
| 005 - DATE AND TIME OF LATEST TRANSACTION | |
| control field | 20211209082530.0 |
| 008 - FIXED-LENGTH DATA ELEMENTS--GENERAL INFORMATION | |
| fixed length control field | 180517s2009 bg ||||| b||| 00| 0 ben d |
| 020 ## - INTERNATIONAL STANDARD BOOK NUMBER | |
| International Standard Book Number | 8180641538 |
| Terms of availability | Tk.300.00 |
| 035 ## - SYSTEM CONTROL NUMBER | |
| System control number | (BD-RjUL)74501 |
| 040 ## - CATALOGING SOURCE | |
| Original cataloging agency | BD-RjUL |
| Language of cataloging | eng |
| Transcribing agency | BD-RjUL |
| 041 ## - LANGUAGE CODE | |
| Language code of text/sound track or separate title | ben |
| 082 ## - DEWEY DECIMAL CLASSIFICATION NUMBER | |
| Edition number | 23 |
| Classification number | 320.954 |
| Author mark and year | BHA 2009 |
| 245 ## - TITLE STATEMENT | |
| Title | ভারতীয় রাস্ট্রচিন্তার বিকাশ ও রাজনৈতিক আন্দোলন / |
| Statement of responsibility, etc. | সম্পাদক ; রাধারমণ চক্রবর্তী |
| 260 ## - PUBLICATION, DISTRIBUTION, ETC. (IMPRINT) | |
| Place of publication, distribution, etc. | কলকাতা : |
| Name of publisher, distributor, etc. | প্রগ্রেসিভ পাব , |
| Date of publication, distribution, etc. | ২০০৯ |
| 300 ## - PHYSICAL DESCRIPTION | |
| Pagination | ৭৪৩ পৃ. ; |
| Size | ২২ সেমি. |
| 504 ## - BIBLIOGRAPHY, ETC. NOTE | |
| Bibliography, etc | গ্রন্থপঞ্জি সংযোজিত |
| 651 ## - SUBJECT ADDED ENTRY--GEOGRAPHIC NAME | |
| Geographic name | এশিয়া |
| Form subdivision | রাজনীতি এবং সরকার |
| 9 (RLIN) | 221480 |
| Geographic name | India |
| Form subdivision | Politics and government. |
| 9 (RLIN) | 221481 |
| 700 ## - ADDED ENTRY--PERSONAL NAME | |
| Personal name | চক্রবর্তী, রাধারমণ |
| 942 ## - ADDED ENTRY ELEMENTS (KOHA) | |
| Source of classification or shelving scheme | Dewey Decimal Classification |
| Koha item type | Books |
| Lost status | Source of classification or shelving scheme | Damaged status | Not for loan | Collection code | Permanent Location | Current Location | Shelving location | Date acquired | Source of acquisition | Cost, normal purchase price | Total Checkouts | Full call number | Date last seen | Copy number | Koha item type |
|---|---|---|---|---|---|---|---|---|---|---|---|---|---|---|---|
| Dewey Decimal Classification | Not For Loan | Non-fiction | Central Library, University of Rajshahi | Central Library, University of Rajshahi | Reading Room | 17/04/2017 | RU. VC Office | 300.00 | B 320.954 BHA 2009 | 17/05/2018 | C-1 | Books |